<?xml version="1.0" encoding="UTF-8"?>
<record
    xmlns:xsi="http://www.w3.org/2001/XMLSchema-instance"
    xsi:schemaLocation="http://www.loc.gov/MARC21/slim http://www.loc.gov/standards/marcxml/schema/MARC21slim.xsd"
    xmlns="http://www.loc.gov/MARC21/slim">

  <leader>00831nam a22002537a 4500</leader>
  <controlfield tag="005">20170124105921.0</controlfield>
  <datafield tag="010" ind1=" " ind2=" ">
    <subfield code="a">781540</subfield>
  </datafield>
  <datafield tag="020" ind1=" " ind2=" ">
    <subfield code="c">20.00</subfield>
  </datafield>
  <datafield tag="035" ind1=" " ind2=" ">
    <subfield code="a">781540</subfield>
  </datafield>
  <datafield tag="037" ind1=" " ind2=" ">
    <subfield code="b">Cen Lib/Ret</subfield>
  </datafield>
  <datafield tag="040" ind1=" " ind2=" ">
    <subfield code="a">DPL</subfield>
    <subfield code="b">EN</subfield>
  </datafield>
  <datafield tag="082" ind1=" " ind2=" ">
    <subfield code="a">329.954</subfield>
  </datafield>
  <datafield tag="100" ind1=" " ind2=" ">
    <subfield code="a">Ghose, Sankar </subfield>
    <subfield code="9">4420</subfield>
  </datafield>
  <datafield tag="245" ind1=" " ind2=" ">
    <subfield code="a">Indian national congress :</subfield>
    <subfield code="c">by Sankar Ghose </subfield>
    <subfield code="b">its and heritage /</subfield>
  </datafield>
  <datafield tag="246" ind1=" " ind2=" ">
    <subfield code="b"> </subfield>
  </datafield>
  <datafield tag="260" ind1=" " ind2=" ">
    <subfield code="b">All India Congress Committee </subfield>
    <subfield code="c">1975 </subfield>
    <subfield code="a">New Delhi</subfield>
  </datafield>
  <datafield tag="270" ind1=" " ind2=" ">
    <subfield code="b">New Delhi</subfield>
    <subfield code="a">5, dr. rajendra prasad road </subfield>
    <subfield code="e">110028</subfield>
  </datafield>
  <datafield tag="300" ind1=" " ind2=" ">
    <subfield code="a">xiv, 390p.</subfield>
    <subfield code="c">21cm(Hb)</subfield>
  </datafield>
  <datafield tag="650" ind1=" " ind2=" ">
    <subfield code="a">Political Science</subfield>
    <subfield code="9">4421</subfield>
  </datafield>
  <datafield tag="650" ind1=" " ind2=" ">
    <subfield code="a">History </subfield>
    <subfield code="x">Congress Party </subfield>
    <subfield code="9">4422</subfield>
  </datafield>
  <datafield tag="650" ind1=" " ind2=" ">
    <subfield code="a"> &#x930;&#x93E;&#x91C;&#x928;&#x940;&#x924;&#x93F; &#x935;&#x93F;&#x91C;&#x94D;&#x91E;&#x93E;&#x928;</subfield>
    <subfield code="9">442</subfield>
  </datafield>
  <datafield tag="650" ind1=" " ind2=" ">
    <subfield code="a">&#x907;&#x924;&#x93F;&#x939;&#x93E;&#x938;</subfield>
    <subfield code="x"> &#x915;&#x93E;&#x902;&#x917;&#x94D;&#x930;&#x947;&#x938; &#x92A;&#x93E;&#x930;&#x94D;&#x91F;&#x940;</subfield>
    <subfield code="9">4423</subfield>
  </datafield>
  <datafield tag="942" ind1=" " ind2=" ">
    <subfield code="2">ddc</subfield>
    <subfield code="c">EN</subfield>
    <subfield code="h">329.954</subfield>
    <subfield code="m">GHO</subfield>
  </datafield>
  <datafield tag="999" ind1=" " ind2=" ">
    <subfield code="c">123150</subfield>
    <subfield code="d">123150</subfield>
  </datafield>
  <datafield tag="952" ind1=" " ind2=" ">
    <subfield code="0">0</subfield>
    <subfield code="1">0</subfield>
    <subfield code="4">0</subfield>
    <subfield code="7">0</subfield>
    <subfield code="a">L</subfield>
    <subfield code="b">L</subfield>
    <subfield code="d">2015-06-03</subfield>
    <subfield code="e">Cen Lib/Ret</subfield>
    <subfield code="g">20.00</subfield>
    <subfield code="l">1</subfield>
    <subfield code="o">329.954 GHO</subfield>
    <subfield code="p">781540</subfield>
    <subfield code="r">2021-01-09 00:00:00</subfield>
    <subfield code="s">2021-01-07</subfield>
    <subfield code="t">1</subfield>
    <subfield code="v">20.00</subfield>
    <subfield code="w">2015-06-03</subfield>
    <subfield code="y">EN</subfield>
  </datafield>
</record>
